Welcome to CU Library Online Public Access Catalogue (OPAC)

Marketing management : (Record no. 5724)

MARC details
000 -LEADER
fixed length control field 00663cam a22002054a 4500
001 - CONTROL NUMBER
control field 12758090
005 - DATE AND TIME OF LATEST TRANSACTION
control field 20250512123020.0
008 - FIXED-LENGTH DATA ELEMENTS--GENERAL INFORMATION
fixed length control field 020427s2003 enka b 001 0 eng
020 ## - INTERNATIONAL STANDARD BOOK NUMBER
International Standard Book Number 0273643789 (pbk.)
050 00 - LIBRARY OF CONGRESS CALL NUMBER
Classification number HF5415.55
Item number .H65 2003
082 00 - DEWEY DECIMAL CLASSIFICATION NUMBER
Classification number 658.8
Edition information 21
100 1# - MAIN ENTRY--PERSONAL NAME
Personal name Hollensen, Svend.
245 10 - TITLE STATEMENT
Title Marketing management :
Remainder of title a relationship approach /
Statement of responsibility, etc. Svend Hollensen.
260 ## - PUBLICATION, DISTRIBUTION, ETC.
Place of publication, distribution, etc. Harlow, England ;
-- New York :
Name of publisher, distributor, etc. Financial Times/Prentice Hall,
Date of publication, distribution, etc. 2003.
300 ## - PHYSICAL DESCRIPTION
Extent xxvi, 787 p. :
Other physical details ill. ;
Dimensions 25 cm.
650 #0 - SUBJECT ADDED ENTRY--TOPICAL TERM
Topical term or geographic name entry element Relationship marketing.
650 #0 - SUBJECT ADDED ENTRY--TOPICAL TERM
Topical term or geographic name entry element Marketing
General subdivision Management.
650 #0 - SUBJECT ADDED ENTRY--TOPICAL TERM
Topical term or geographic name entry element Relationship marketing
Form subdivision Case studies.
942 ## - ADDED ENTRY ELEMENTS (KOHA)
Source of classification or shelving scheme Library of Congress Classification
Koha item type Books
Suppress in OPAC No
999 ## -
-- 5724
-- 5724
Holdings
Withdrawn status Lost status Source of classification or shelving scheme Damaged status Not for loan Collection Home library Current library Shelving location Date acquired Total checkouts Full call number Barcode Date last seen Copy number Price effective from Koha item type
    Library of Congress Classification     Non-fiction Undergraduate Library (Christ Temple) Undergraduate Library (Christ Temple) General stacks 05/12/2025   HF 5415.55 HOL ulct00002326 05/12/2025 1 05/12/2025 Books
© 2023-2024 Copyright: Central University Libraries. All Rights Reserved | Created by: Mahone Tech Office